000 00588nam a2200169 i 4500
001 80378
003 ES-MaACL
005 20230906174213.0
007 t|
008 041027s1942 sp ||||1| spa d
100 1 _aHochrein, Max.
_963876
245 1 3 _aEl infarto de miocardio
_b: diagnóstico, tratamiento y profilaxis /
_cpor Max Hochrein ; traducido de la segunda edición alemana por José María Sacristán.
260 _aMadrid :
_bEspasa-Calpe,
_c1942.
300 _a382 p. :
_bil. ;
_c21 cm.
700 1 _aSacristán, José María.
_9101267
852 _aES-MaACL
_jE-1869
_bR.22794
999 _c80378
_d80378